000 00660cam a2200217 i 4500
001 4611283
005 20180119045821.0
008 770816s1977 ilua b 001 0 eng
010 _a 77006162
020 _a0870941437
040 _aDLC
_cDLC
_dDLC
041 _aeng
080 _a658.154 pau
082 0 0 _a658.154 pau
100 1 _a54
101 _aman
245 1 0 _aZero-base planning and budgeting :
_cPaul J. Stonich, with John C. Kirby, Jr. ... [et al.].
504 _aIncludes bibliographical references and index.
906 _a7
_bcbc
_corignew
_d2
_eocip
_f19
_gy-gencatlg
942 _2ddc
_cBK
999 _c40557
_d40557